000 00306nam a22001217a 4500
008 250811b |||||||| |||| 00| 0 eng d
050 _aHD 31
_b.C76
100 _aCROSBY RALPH W.
245 _aPERSON-TO-PERSON MANAGEMENT
260 _aPHILADELPHIA
_bCHILTON COMPANY
_c1966
300 _a272p.
942 _cBK
999 _c4458
_d4458